A Biography of Rahul Dravid (Record no. 12128)

MARC details
000 -LEADER
fixed length control field 00276nam a22000977a 4500
008 - FIXED-LENGTH DATA ELEMENTS--GENERAL INFORMATION
fixed length control field 221104b |||||||| |||| 00| 0 eng d
020 ## - INTERNATIONAL STANDARD BOOK NUMBER
International Standard Book Number 9789353333119
100 ## - MAIN ENTRY--PERSONAL NAME
Personal name Prabhudesai Devendra
9 (RLIN) 7615
245 ## - TITLE STATEMENT
Title A Biography of Rahul Dravid
260 ## - PUBLICATION, DISTRIBUTION, ETC. (IMPRINT)
Place of publication, distribution, etc. New Delhi
Name of publisher, distributor, etc. Rupa Publications
Date of publication, distribution, etc. 2022
Holdings
Withdrawn status Lost status Source of classification or shelving scheme Damaged status Koha normalized classification for sorting Not for loan Home library Current library Shelving location Date acquired Total Checkouts Full call number Barcode Date last seen Date last checked out Price effective from Koha item type
    Dewey Decimal Classification   PRA_920_000000000000000   Good Samaritan School Library Good Samaritan School Library Biography 11/04/2022 1 PRA920 PRA17312 12/19/2023 11/29/2023 11/04/2022 BOOK

Powered by Koha